[Event "FIDE World Blitz 2014"]
[Site "Dubai UAE"]
[Date "2014.06.19"]
[Round "2.24"]
[White "Zhigalko, Sergei"]
[Black "Breckenridge, Steven James"]
[Result "1-0"]
[WhiteTitle "GM"]
[BlackTitle "FM"]
[WhiteElo "2678"]
[BlackElo "2299"]
[WhiteFideId "13502956"]
[BlackFideId "2043700"]
[EventDate "2014.06.19"]

1. e4 e5 2. Nf3 Nc6 3. Bb5 a6 4. Ba4 Nf6 5. O-O b5 6. Bb3 Bb7 7. d3 Bc5 8. Nc3
O-O 9. a4 Na5 10. Ba2 b4 11. Ne2 b3 12. cxb3 d5 13. Nxe5 dxe4 14. d4 Bd6 15. Bg5
Bxe5 16. dxe5 Qxd1 17. Raxd1 Nd5 18. Nc3 Nb4 19. Bb1 Rfe8 20. Bf4 Nxb3 21. Nxe4
Rad8 22. h4 Nc6 23. Rxd8 Rxd8 24. e6 fxe6 25. Bxc7 Rd4 26. Re1 Bc8 27. Ba2 Nd2
28. Nc5 Nc4 29. Nxe6 Ne7 30. Nxd4 1-0

[Event "FIDE World Blitz 2014"]
[Site "Dubai UAE"]
[Date "2014.06.19"]
[Round "2.25"]
[White "AlHuwar, Jasem"]
[Black "Lu, Shanglei"]
[Result "0-1"]
[WhiteTitle "FM"]
[BlackTitle "GM"]
[WhiteElo "2277"]
[BlackElo "2546"]
[WhiteFideId "9300465"]
[BlackFideId "8603332"]
[EventDate "2014.06.19"]

1. Nf3 g6 2. g3 Bg7 3. d4 f5 4. Bg2 Nf6 5. O-O O-O 6. c4 d6 7. Nc3 c6 8. b3 e5
9. dxe5 dxe5 10. Bb2 e4 11. Nd4 Na6 12. Nc2 Be6 13. Qxd8 Raxd8 14. Rad1 h5 15.
Ba3 Rfe8 16. Rxd8 Rxd8 17. Rd1 Rd7 18. h3 h4 19. gxh4 Nh5 20. Rxd7 Bxd7 21. Nd1
Bf6 22. Nde3 Bxh4 23. c5 Nf4 24. Bf1 Be7 25. b4 Be6 26. Nd4 Bxa2 27. Nec2 Bc4
28. Bc1 Nd5 29. Bd2 Bf6 30. e3 Bxf1 31. Kxf1 Bxd4 32. exd4 Kf7 33. h4 f4 34. Kg2
Kf6 35. Kh3 Kf5 36. Be1 Nac7 37. Na3 Nb5 38. Nc4 e3 39. fxe3 fxe3 40. Na5 Nxd4
41. Nxb7 Nc2 0-1

[Event "FIDE World Blitz 2014"]
[Site "Dubai UAE"]
[Date "2014.06.19"]
[Round "2.26"]
[White "Sandipan, Chanda"]
[Black "Aronian, Levon"]
[Result "0-1"]
[WhiteTitle "GM"]
[BlackTitle "GM"]
[WhiteElo "2594"]
[BlackElo "2815"]
[WhiteFideId "5004225"]
[BlackFideId "13300474"]
[EventDate "2014.06.19"]

1. d4 Nf6 2. Nf3 g6 3. Nbd2 Bg7 4. e4 d6 5. Bc4 O-O 6. O-O Nc6 7. Qe2 Bg4 8. c3
e5 9. d5 Ne7 10. h3 Bd7 11. Re1 Nh5 12. Nf1 h6 13. Bb5 Bc8 14. c4 Nf4 15. Bxf4
exf4 16. e5 dxe5 17. Nxe5 Nf5 18. Qd2 Nd6 19. Qxf4 Nxb5 20. cxb5 Qxd5 21. a4 a6
22. bxa6 Rxa6 23. Ng3 Rf6 24. Qe4 Qxe4 25. Nxe4 Re6 26. Nd3 b6 27. Nc3 Rd8 28.
Nf4 Red6 29. Nb5 R6d7 30. Rac1 c5 31. Nc3 Bb7 32. Red1 Rxd1+ 33. Rxd1 Rxd1+ 34.
Nxd1 Bc6 35. b3 Be4 36. Ne3 Bd4 37. Nfd5 Bxe3 38. Nxe3 Bd3 39. Nd5 Bc2 40. Nxb6
Bxb3 41. a5 Bc2 42. a6 Be4 43. a7 Kg7 44. f3 Bc6 45. Kf2 Kf6 46. Ke3 Kg5 47.
a8=Q Bxa8 48. Nxa8 Kh4 49. Kf2 c4 50. Nb6 c3 51. Ke3 Kg3 52. Nc4 Kxg2 53. Ne5
Kxh3 54. Nxf7 h5 55. f4 h4 56. Ng5+ Kg2 57. Nf3 h3 58. Ne1+ Kg3 59. Nd3 h2 60.
Nf2 c2 61. Nh1+ Kg2 62. Kd4 0-1

[Event "FIDE World Blitz 2014"]
[Site "Dubai UAE"]
[Date "2014.06.19"]
[Round "2.28"]
[White "Potkin, Vladimir"]
[Black "Nguyen, Ngoc Truong Son"]
[Result "1-0"]
[WhiteTitle "GM"]
[BlackTitle "GM"]
[WhiteElo "2621"]
[BlackElo "2621"]
[WhiteFideId "4131061"]
[BlackFideId "12401110"]
[EventDate "2014.06.19"]

1. d4 d5 2. c4 c6 3. cxd5 cxd5 4. Bf4 Nc6 5. e3 Nf6 6. Nc3 Bf5 7. Qb3 Na5 8.
Qa4+ Bd7 9. Bb5 Nc6 10. Qd1 e6 11. h3 a6 12. Bd3 Rc8 13. Nf3 Bb4 14. Rc1 h6 15.
O-O O-O 16. a3 Be7 17. b4 Ne8 18. Na4 Nxd4 19. exd4 Rxc1 20. Bxc1 Nd6 21. Nc5
Bb5 22. Bf4 Bxd3 23. Qxd3 Nc4 24. Nxb7 Qb6 25. Nc5 a5 26. Nd7 1-0

[Event "FIDE World Blitz 2014"]
[Site "Dubai UAE"]
[Date "2014.06.19"]
[Round "2.29"]
[White "Saeed, Ishaq"]
[Black "Tkachiev, Vladislav"]
[Result "0-1"]
[WhiteTitle "FM"]
[BlackTitle "GM"]
[WhiteElo "2227"]
[BlackElo "2625"]
[WhiteFideId "9301453"]
[BlackFideId "618438"]
[EventDate "2014.06.19"]

1. d4 Nf6 2. c4 g6 3. Nc3 Bg7 4. e4 d6 5. f3 O-O 6. Be3 a6 7. Qd2 Nbd7 8. Nh3 c5
9. d5 Ne5 10. Nf2 b5 11. cxb5 Qa5 12. b6 Qxb6 13. Be2 Qb4 14. a3 Qb3 15. Bd1 Qb7
16. Be2 Bd7 17. O-O Rfb8 18. Rab1 Qb3 19. Bd1 Qb7 20. Qe2 Bb5 21. Nxb5 axb5 22.
h3 b4 23. axb4 Qxb4 24. Bd2 Qc4 25. Bc3 Qxe2 26. Bxe2 Nh5 27. Rfc1 Nf4 28. Bf1
g5 29. Ra1 Nd7 30. Bxg7 Kxg7 31. Rxa8 Rxa8 32. g3 Nh5 33. Kg2 Rb8 34. Rc2 Ne5
35. Nd3 Nxd3 36. Bxd3 Nf6 37. f4 gxf4 38. gxf4 Rb3 39. Rd2 Nd7 40. Bc4 Rb4 41.
Bd3 Rd4 42. Rd1 Nb6 43. Kf3 Kf6 44. Ke2 Na4 45. b3 Nc3+ 0-1

[Event "FIDE World Blitz 2014"]
[Site "Dubai UAE"]
[Date "2014.06.19"]
[Round "2.32"]
[White "Eljanov, Pavel"]
[Black "Salgado Lopez, Ivan"]
[Result "1-0"]
[WhiteTitle "GM"]
[BlackTitle "GM"]
[WhiteElo "2723"]
[BlackElo "2622"]
[WhiteFideId "14102951"]
[BlackFideId "2257327"]
[EventDate "2014.06.19"]

1. d4 Nf6 2. c4 g6 3. Nc3 d5 4. cxd5 Nxd5 5. e4 Nxc3 6. bxc3 Bg7 7. Bb5+ c6 8.
Ba4 b5 9. Bb3 a5 10. Ne2 O-O 11. Be3 Nd7 12. O-O a4 13. Bc2 Nb6 14. Qc1 Be6 15.
Re1 Bc4 16. Bh6 c5 17. Bxg7 Kxg7 18. dxc5 Nd7 19. Qe3 Qc7 20. Nd4 e5 21. Nf3
Nxc5 22. h4 h5 23. a3 Bb3 24. Bd3 Nxd3 25. Qxd3 Qc5 26. Ng5 Rad8 27. Qg3 f6 28.
Nh3 Rd2 29. Kh2 Rfd8 30. Re3 Bc4 31. f4 R8d3 32. Rae1 Rxe3 33. Rxe3 Bf1 34. Nf2
exf4 35. Qxf4 Qe5 36. Qxe5 fxe5 37. Kg1 Bc4 38. g4 Ra2 39. Rg3 Kf6 40. gxh5 gxh5
41. Rg5 Rxa3 42. Rxh5 Ra1+ 43. Kg2 a3 44. Ng4+ Ke6 45. Rh6+ Ke7 46. Nxe5 a2 47.
Ra6 Rc1 48. Nxc4 a1=Q 49. Rxa1 Rxa1 50. Ne3 Ke6 51. h5 Ke5 52. Nd5 Ra7 53. Kf3
Rf7+ 54. Ke3 Rh7 55. Nf4 Rc7 56. Nd3+ Kf6 57. Kd4 Rc4+ 58. Kd5 Rxc3 59. e5+ Kg5
60. Nc5 b4 61. e6 Kf5 62. h6 Kg6 63. e7 Kf7 64. Ne4 Rd3+ 65. Kc4 Re3 1-0

[Event "FIDE World Blitz 2014"]
[Site "Dubai UAE"]
[Date "2014.06.19"]
[Round "2.33"]
[White "Sokolov, Ivan"]
[Black "Lenic, Luka"]
[Result "0-1"]
[WhiteTitle "GM"]
[BlackTitle "GM"]
[WhiteElo "2650"]
[BlackElo "2659"]
[WhiteFideId "14400030"]
[BlackFideId "14603853"]
[EventDate "2014.06.19"]

1. d4 d5 2. Nf3 Nf6 3. c4 e6 4. Bg5 h6 5. Bxf6 Qxf6 6. Nc3 c6 7. e3 g6 8. Bd3
Bg7 9. O-O O-O 10. e4 dxe4 11. Nxe4 Qd8 12. Qc1 f5 13. Nc3 c5 14. d5 e5 15. Be2
Nd7 16. Kh1 e4 17. Ne1 Qh4 18. g3 Qe7 19. f4 Nf6 20. Ng2 Ne8 21. Ne3 Nd6 22. Qd2
Bd7 23. Rf2 Bd4 24. Rg2 h5 25. Nc2 Bf6 26. h4 a6 27. a4 Qg7 28. a5 Rab8 29. Na4
Bxa4 30. Rxa4 Bxb2 31. Ra2 Bc3 32. Qd1 b6 33. axb6 Rxb6 34. Qg1 Rc8 35. Qf2 a5
36. Rg1 Rb2 37. Rxb2 Bxb2 38. Qe1 Qc3 39. Qd1 a4 40. Bxh5 gxh5 41. Qxh5 Qf3+ 0-1

[Event "FIDE World Blitz 2014"]
[Site "Dubai UAE"]
[Date "2014.06.19"]
[Round "2.34"]
[White "Anand, Viswanathan"]
[Black "Aleksandrov, Aleksej"]
[Result "1-0"]
[WhiteTitle "GM"]
[BlackTitle "GM"]
[WhiteElo "2785"]
[BlackElo "2554"]
[WhiteFideId "5000017"]
[BlackFideId "13500139"]
[EventDate "2014.06.19"]

1. Nf3 Nf6 2. c4 e6 3. g3 d5 4. Bg2 dxc4 5. Qa4+ Nbd7 6. Qxc4 a6 7. Qb3 c5 8. a4
Bd6 9. d3 Bc7 10. O-O Rb8 11. Bd2 b6 12. Na3 Bb7 13. Rfc1 O-O 14. Nc4 Ba8 15.
Qd1 Qe7 16. e4 Rfd8 17. Qe2 Ng4 18. Bc3 b5 19. axb5 axb5 20. Ra7 bxc4 21. Rxc7
Qd6 22. Rxd7 Qxd7 23. dxc4 Qd3 24. Qxd3 Rxd3 25. Ne1 Rd7 26. h3 Nf6 27. f3 Bc6
28. Bf1 Rbd8 29. Be2 Ne8 30. Kf2 Nc7 31. Ra1 Ra8 32. Rxa8+ Bxa8 33. Nd3 Na6 34.
Ke3 f6 35. g4 e5 36. g5 Kf7 37. gxf6 gxf6 38. f4 exf4+ 39. Nxf4 Rd6 40. Bh5+ Ke7
41. Nd5+ Bxd5 42. exd5 Rb6 43. Bd1 Nb8 44. Ke4 1-0

[Event "FIDE World Blitz 2014"]
[Site "Dubai UAE"]
[Date "2014.06.19"]
[Round "2.35"]
[White "Al-Modiahki, Mohamad"]
[Black "Yu, Yangyi"]
[Result "0-1"]
[WhiteTitle "GM"]
[BlackTitle "GM"]
[WhiteElo "2549"]
[BlackElo "2675"]
[WhiteFideId "12100030"]
[BlackFideId "8603820"]
[EventDate "2014.06.19"]

1. e4 c5 2. Nc3 e6 3. f4 Nc6 4. Nf3 d5 5. Bb5 Ne7 6. Qe2 dxe4 7. Nxe4 a6 8.
Bxc6+ Nxc6 9. b3 Be7 10. Bb2 O-O 11. O-O b6 12. Neg5 Qd5 13. c4 Qf5 14. Nh4 Qc2
15. Bc3 Nd4 16. Bxd4 cxd4 17. Rfc1 Qb2 18. Qe4 Bxg5 19. fxg5 Rb8 20. Nf3 Bb7 21.
Qxd4 Qxd4+ 22. Nxd4 Rfd8 23. Nf3 Rd3 24. Rc3 Rbd8 25. Rxd3 Rxd3 26. Kf2 Bxf3 27.
gxf3 Rxd2+ 28. Kg3 Kf8 29. b4 Rc2 30. c5 bxc5 31. bxc5 Rxc5 32. h4 g6 33. Rb1
Ra5 34. Rb2 Ra4 35. f4 Kg7 36. Rc2 Ra3+ 37. Kg4 h5+ 38. gxh6+ Kxh6 0-1

[Event "FIDE World Blitz 2014"]
[Site "Dubai UAE"]
[Date "2014.06.19"]
[Round "2.36"]
[White "Mamedov, Rauf"]
[Black "Kovalev, Vladislav"]
[Result "1-0"]
[WhiteTitle "GM"]
[BlackTitle "GM"]
[WhiteElo "2659"]
[BlackElo "2554"]
[WhiteFideId "13401653"]
[BlackFideId "13504398"]
[EventDate "2014.06.19"]

1. e4 c5 2. c3 Nf6 3. e5 Nd5 4. Nf3 Nc6 5. Bc4 Nb6 6. Bb3 d5 7. h3 Bf5 8. d4 e6
9. O-O Be7 10. Be3 cxd4 11. Nxd4 Bxb1 12. Nxc6 bxc6 13. Rxb1 O-O 14. f4 g6 15.
Kh1 c5 16. Qf3 Qc7 17. g4 f6 18. exf6 Rxf6 19. Rbe1 Raf8 20. Bd2 c4 21. Bc2 e5
22. f5 e4 23. Qg2 Bd6 24. Bh6 Re8 25. fxg6 Rxg6 26. Be3 Nd7 27. Rf5 Ne5 28. Ref1
Qg7 29. Bd4 h6 30. Ba4 Re7 31. Bc6 Kh7 32. Bxd5 Nxg4 33. Bxg7 1-0

[Event "FIDE World Blitz 2014"]
[Site "Dubai UAE"]
[Date "2014.06.19"]
[Round "2.37"]
[White "Movsesian, Sergei"]
[Black "Salem, A.R. Saleh"]
[Result "1-0"]
[WhiteTitle "GM"]
[BlackTitle "GM"]
[WhiteElo "2672"]
[BlackElo "2581"]
[WhiteFideId "310204"]
[BlackFideId "9301348"]
[EventDate "2014.06.19"]

1. g3 d5 2. Bg2 e5 3. d3 Nc6 4. a3 Nf6 5. Nd2 Be7 6. b4 a6 7. Bb2 h6 8. e4 O-O
9. Ngf3 Bg4 10. h3 dxe4 11. dxe4 Bxf3 12. Qxf3 Nd4 13. Qd1 Qc8 14. c3 Nc6 15.
O-O Rd8 16. Qe2 Qe6 17. Nc4 Bf8 18. Ne3 Ne7 19. c4 c6 20. c5 Ng6 21. Nc4 Nh7 22.
Kh2 Be7 23. Rfd1 Nhf8 24. Bf3 f6 25. Bg4 Qf7 26. Na5 Rdb8 27. Rd2 Ne6 28. Rad1
Ngf8 29. Nc4 g6 30. Nb6 Ra7 31. h4 h5 32. Bh3 Re8 33. Nd7 Raa8 34. Nb6 Rad8 35.
Qe3 Rxd2 36. Rxd2 Rd8 37. Rxd8 Bxd8 38. Nc4 Bc7 39. Qd3 Qe7 40. Nd6 Bb8 41. Qd2
Kg7 42. f4 exf4 43. gxf4 Nd8 44. e5 fxe5 45. Bxe5+ Kh7 46. Nc8 Qxh4 47. Bxb8 Nf7
48. Qe3 Kg8 49. f5 g5 50. Bg3 Qc4 51. Nd6 Qa2+ 52. Bg2 h4 53. Bf2 Nh7 54. Qe8+
Nf8 55. Qxf7+ Qxf7 56. Nxf7 Kxf7 57. Bd4 g4 58. Bf1 Nh7 59. Be2 g3+ 60. Kh3 1-0

[Event "FIDE World Blitz 2014"]
[Site "Dubai UAE"]
[Date "2014.06.19"]
[Round "2.38"]
[White "Dubov, Daniil"]
[Black "Glek, Igor"]
[Result "1-0"]
[WhiteTitle "GM"]
[BlackTitle "GM"]
[WhiteElo "2614"]
[BlackElo "2438"]
[WhiteFideId "24126055"]
[BlackFideId "4100484"]
[EventDate "2014.06.19"]

1. Nf3 d6 2. d4 f5 3. g3 Nf6 4. Bg2 e6 5. O-O Be7 6. c4 O-O 7. b4 Qe8 8. Bb2 a5
9. b5 Nbd7 10. e3 Ne4 11. Nfd2 Nxd2 12. Nxd2 a4 13. Ba3 e5 14. Rc1 e4 15. f3 Bg5
16. Re1 exf3 17. Qxf3 Nf6 18. Re2 Rf7 19. Rce1 Re7 20. c5 Ne4 21. Nc4 d5 22. Ne5
Qxb5 23. Rb2 Qa6 24. c6 Rxe5 25. cxb7 Bxb7 26. dxe5 Bc8 27. Qd1 Qe6 28. Qd4 Bd7
29. Rc2 c6 30. Rb1 Re8 31. Rb7 h5 32. h4 Bh6 33. Kh2 Bc8 34. Rc7 Bd7 35. Qa7 Qg6
36. Bxe4 fxe4 37. Rxd7 Qg4 38. Rf2 Bxe3 39. Qxe3 Qxd7 40. Qg5 d4 41. Bd6 e3 42.
Rf4 e2 43. Re4 d3 44. Qe3 Qg4 45. Rxg4 hxg4 46. Bb4 Rd8 47. Bd2 c5 48. e6 c4 49.
e7 Re8 50. Qe6+ Kh8 51. Qf7 1-0

[Event "FIDE World Blitz 2014"]
[Site "Dubai UAE"]
[Date "2014.06.19"]
[Round "2.39"]
[White "Vahidov, Tair"]
[Black "Najer, Evgeniy"]
[Result "0-1"]
[WhiteTitle "GM"]
[BlackTitle "GM"]
[WhiteElo "2446"]
[BlackElo "2653"]
[WhiteFideId "14200155"]
[BlackFideId "4118987"]
[EventDate "2014.06.19"]

1. c4 e5 2. Nc3 Nc6 3. Nf3 Nf6 4. d4 exd4 5. Nxd4 Bb4 6. Bg5 h6 7. Bh4 O-O 8.
Rc1 Ne5 9. e3 Ng6 10. Bxf6 Qxf6 11. Be2 d6 12. O-O Bxc3 13. Rxc3 Re8 14. Rc1 Bd7
15. Bf3 Ne5 16. Be2 Rad8 17. Nb5 Bxb5 18. cxb5 Qe7 19. Qd4 b6 20. Rc3 Rd7 21.
Rfc1 Qd8 22. f4 Ng6 23. g3 Nf8 24. Bg4 Ne6 25. Qd2 d5 26. Rd3 Rd6 27. b4 g6 28.
Rd1 Qf6 29. Bf3 Ng5 30. fxg5 Qxf3 31. gxh6 Re5 32. Qf2 Qh5 33. a3 Rf5 34. Qg2
Qxh6 35. g4 Re5 36. Qg3 Qg5 37. h3 Qe7 38. Qf3 Kg7 39. Rf1 f6 40. Qf4 Re4 41.
Qf3 Rde6 42. Rxd5 Rxe3 43. Qg2 Rxa3 44. Rfd1 Re1+ 45. Kh2 Rxd1 46. Rxd1 Re3 47.
Rd2 Qe5+ 48. Kg1 Re1+ 49. Kf2 Qe3# 0-1

[Event "FIDE World Blitz 2014"]
[Site "Dubai UAE"]
[Date "2014.06.19"]
[Round "2.41"]
[White "Vakhidov, Jahongir"]
[Black "Amin, Bassem"]
[Result "0-1"]
[WhiteTitle "IM"]
[BlackTitle "GM"]
[WhiteElo "2471"]
[BlackElo "2635"]
[WhiteFideId "14201801"]
[BlackFideId "10601457"]
[EventDate "2014.06.19"]

1. Nf3 e6 2. d4 Nf6 3. e3 b6 4. Bd3 Bb7 5. Nbd2 c5 6. O-O Be7 7. b3 O-O 8. Bb2
Nc6 9. a3 d6 10. Qe2 Re8 11. Ba6 Qc8 12. Bxb7 Qxb7 13. c4 Rac8 14. Rac1 Bf8 15.
h3 e5 16. d5 Ne7 17. Nh4 b5 18. Ba1 bxc4 19. bxc4 Qa6 20. f4 Nexd5 21. fxe5 dxe5
22. Rf5 g6 23. Rxe5 Rxe5 24. Bxe5 Re8 25. Nhf3 Bh6 26. Nf1 Nd7 27. Ba1 Rxe3 28.
Qb2 N5f6 29. Rd1 Re7 30. Rxd7 Rxd7 31. Qxf6 Qxf6 32. Bxf6 Rd3 33. Be7 Bf8 34.
Bxf8 Kxf8 35. Ne5 Rxa3 36. Nd7+ Ke7 37. Nxc5 Kd6 38. Ne4+ Ke5 39. Ng5 f6 40.
Nf3+ Kd6 41. N1d2 Kc5 42. Ne4+ Kxc4 43. Nxf6 a5 44. Nxh7 a4 45. Nf6 Ra1+ 46. Kf2
a3 47. Ne4 a2 48. Ned2+ Kb4 49. Ne5 Rd1 50. Nd3+ Kc3 0-1

[Event "FIDE World Blitz 2014"]
[Site "Dubai UAE"]
[Date "2014.06.19"]
[Round "2.42"]
[White "Nielsen, Peter Heine"]
[Black "Ringoir, Tanguy"]
[Result "1/2-1/2"]
[WhiteTitle "GM"]
[BlackTitle "IM"]
[WhiteElo "2654"]
[BlackElo "2506"]
[WhiteFideId "1400355"]
[BlackFideId "208027"]
[EventDate "2014.06.19"]

1. d4 f5 2. g3 Nf6 3. Bg2 g6 4. Nf3 Bg7 5. O-O O-O 6. c4 c6 7. Nc3 d6 8. Qb3 Qb6
9. Rd1 Na6 10. Bf4 Re8 11. Qa3 h6 12. d5 Bd7 13. Be3 Qb4 14. Qxb4 Nxb4 15. Rac1
cxd5 16. cxd5 Ne4 17. Bd4 Nxc3 18. bxc3 Nxa2 19. Ra1 Nxc3 20. Bxg7 Kxg7 21. Rd2
Ne4 22. Rb2 b5 23. Nd4 a5 24. Rc2 Rec8 25. Rxc8 Rxc8 26. Bxe4 fxe4 27. Rxa5 Bh3
28. Ra1 Rc5 29. Rb1 Bd7 30. Nc6 e6 31. Nb8 Bc8 32. dxe6 Bxe6 33. Na6 Re5 34. e3
Bc4 35. Nb4 Re7 36. Rd1 Rd7 37. g4 Kf7 38. Kg2 Ke6 39. Ra1 Be2 40. Kg3 Rf7 41.
h3 h5 42. Ra2 Bf1 43. gxh5 gxh5 44. h4 Ke5 45. Nc6+ Kd5 46. Nd4 b4 47. Ra8 Rb7
48. Nb3 Bc4 49. Nd2 Bd3 50. Rh8 Rg7+ 51. Kf4 Rg4+ 52. Kf5 Rxh4 53. Ra8 Rh2 54.
Ra5+ Kc6 55. Nxe4 d5 56. Rc5+ Kb6 57. Rxd5 Rxf2+ 58. Ke5 Bxe4 59. Kxe4 b3 60.
Rxh5 b2 61. Rh1 Kc5 62. Kd3 Kb4 63. e4 Kb3 64. e5 Ka2 65. Kd4 Rd2+ 66. Kc5 Rc2+
67. Kd5 Rc1 68. Rh2 Rd1+ 69. Kc5 Kb3 70. Rxb2+ Kxb2 71. e6 Re1 72. Kd6 Kc3 73.
e7 1/2-1/2

[Event "FIDE World Blitz 2014"]
[Site "Dubai UAE"]
[Date "2014.06.19"]
[Round "2.43"]
[White "Van Wely, Loek"]
[Black "Al Qudaimi, Basheer"]
[Result "1-0"]
[WhiteTitle "GM"]
[BlackTitle "IM"]
[WhiteElo "2654"]
[BlackElo "2396"]
[WhiteFideId "1000268"]
[BlackFideId "9400346"]
[EventDate "2014.06.19"]

1. d4 d5 2. c4 e6 3. Nf3 c6 4. e3 Nf6 5. b3 Ne4 6. Nbd2 Nxd2 7. Qxd2 Bd6 8. Bd3
f5 9. O-O O-O 10. a4 Qe7 11. Qa2 Bd7 12. a5 Be8 13. Ba3 Nd7 14. Rfc1 Bh5 15. Nd2
f4 16. e4 f3 17. g3 Bxa3 18. Qxa3 Qg5 19. Nf1 Nf6 20. Re1 Qg4 21. Ne3 Qg6 22.
Qe7 dxe4 23. Bf1 Rf7 24. Qxe6 Re8 25. Qd6 Rd7 26. Qf4 Rxd4 27. Rad1 Rxd1 28.
Rxd1 Ng4 29. Rd6 Qf7 30. Qxf7+ Kxf7 31. Nf5 Nf6 32. Rd1 Bg4 33. Ne3 Be6 34. b4
Re7 35. b5 cxb5 36. cxb5 Rd7 37. Rc1 Nd5 38. Nc4 Kf6 39. b6 axb6 40. axb6 Rd8
41. Ra1 Rc8 42. Ra7 Rb8 43. Ra5 Nb4 44. Nd6 Nc6 45. Nxe4+ Ke7 46. Ra1 h6 47. Nc5
Bd5 48. Rd1 Kd6 49. Ne4+ Ke5 50. Nc5 Nd4 51. Nd7+ 1-0

[Event "FIDE World Blitz 2014"]
[Site "Dubai UAE"]
[Date "2014.06.19"]
[Round "2.44"]
[White "Georgiev, Kiril"]
[Black "Shyam, Sundar M."]
[Result "1-0"]
[WhiteTitle "GM"]
[BlackTitle "GM"]
[WhiteElo "2644"]
[BlackElo "2468"]
[WhiteFideId "2900017"]
[BlackFideId "5019141"]
[EventDate "2014.06.19"]

1. d4 e6 2. c4 c5 3. Nf3 cxd4 4. Nxd4 Qc7 5. b3 a6 6. g3 Nc6 7. Bb2 Bb4+ 8. Nd2
Nf6 9. Bg2 Bc5 10. e3 h5 11. h3 b6 12. Nxc6 dxc6 13. O-O h4 14. g4 a5 15. g5 Nh5
16. Ne4 Be7 17. Bf3 e5 18. Bxh5 Bxh3 19. Bxf7+ Kxf7 20. Qf3+ Kg6 21. Qxh3 Raf8
22. Qe6+ Kh5 23. Bxe5 Qb7 24. Bxg7 1-0

[Event "FIDE World Blitz 2014"]
[Site "Dubai UAE"]
[Date "2014.06.19"]
[Round "2.45"]
[White "Goloshchapov, Alexander"]
[Black "Al-Sayed, Mohammed"]
[Result "1/2-1/2"]
[WhiteTitle "GM"]
[BlackTitle "GM"]
[WhiteElo "2586"]
[BlackElo "2505"]
[WhiteFideId "14103222"]
[BlackFideId "12100196"]
[EventDate "2014.06.19"]

1. d4 Nf6 2. c4 g6 3. Nf3 Bg7 4. g3 c5 5. Nc3 cxd4 6. Nxd4 O-O 7. Bg2 Qc7 8. b3
d5 9. Ndb5 Qa5 10. Bd2 dxc4 11. bxc4 Qd8 12. O-O a6 13. Na3 Nc6 14. Nc2 Nd7 15.
Rb1 Nc5 16. Ne3 e6 17. Ne4 Nxe4 18. Bxe4 Qc7 19. Qa4 Rd8 20. Rfd1 Bd7 21. Qb3
Rab8 22. Bc3 Ne5 23. Qb2 b5 24. c5 Nc4 25. Nxc4 bxc4 26. Qa3 Bxc3 27. Rxb8 Rxb8
28. Qxc3 Bb5 29. c6 Rc8 30. Rd7 Qb6 31. Qf6 Rf8 32. h4 Qc5 33. h5 Qxh5 34. Rb7
Qxe2 35. Bf3 Qe1+ 36. Kg2 c3 1/2-1/2

[Event "FIDE World Blitz 2014"]
[Site "Dubai UAE"]
[Date "2014.06.19"]
[Round "2.46"]
[White "Sriram, Jha"]
[Black "Ipatov, Alexander"]
[Result "1-0"]
[WhiteTitle "GM"]
[BlackTitle "GM"]
[WhiteElo "2375"]
[BlackElo "2613"]
[WhiteFideId "5001668"]
[BlackFideId "14116731"]
[EventDate "2014.06.19"]

1. Nf3 Nf6 2. g3 b6 3. Bg2 Bb7 4. O-O g6 5. b3 Bg7 6. Bb2 O-O 7. c4 e6 8. Qc2 d6
9. d4 Nbd7 10. Nbd2 Qe7 11. e4 e5 12. Rfe1 Rfe8 13. Rad1 c6 14. a3 Rac8 15. b4
a6 16. h3 c5 17. bxc5 bxc5 18. d5 h6 19. Rb1 Nh7 20. Bc3 Ba8 21. Qa4 f5 22. Nh4
Qf7 23. Nxg6 f4 24. Nh4 Ng5 25. Nf5 Bf8 26. Qxa6 Kh7 27. h4 f3 28. Bf1 Nxe4 29.
Nxe4 Qxf5 30. Bd3 Kh8 31. Kh2 Be7 32. Bf1 Bxh4 33. Bh3 Qh5 34. Qxd6 Re7 35. gxh4
Qxh4 36. Rg1 Rce8 37. Rg4 Qh5 38. Rbg1 Bb7 39. Nf6 1-0

[Event "FIDE World Blitz 2014"]
[Site "Dubai UAE"]
[Date "2014.06.19"]
[Round "2.47"]
[White "Hilwani, Talal"]
[Black "Fedoseev, Vladimir3"]
[Result "0-1"]
[BlackTitle "GM"]
[WhiteElo "2274"]
[BlackElo "2662"]
[WhiteFideId "7600410"]
[BlackFideId "24130737"]
[EventDate "2014.06.19"]

1. Nf3 d5 2. c4 d4 3. b4 f6 4. Bb2 e5 5. a3 c5 6. bxc5 Bxc5 7. d3 Nc6 8. g3 Nh6
9. Bg2 O-O 10. O-O Be6 11. Nbd2 Nf7 12. Nb3 Be7 13. Qb1 Qd7 14. Rc1 Rab8 15. Rc2
Rfc8 16. Nfd2 Ng5 17. Ne4 Nxe4 18. Bxe4 Nd8 19. Nd2 Nf7 20. Qd1 f5 21. Bg2 Bf6
22. Rb1 h5 23. h4 Nh6 24. Bc1 Ng4 25. Rcb2 b6 26. Nf3 e4 27. Ng5 Kh8 28. Nxe6
Qxe6 29. Bf4 Be5 30. Bxe5 Qxe5 31. Rb5 Qf6 32. dxe4 fxe4 33. Rxh5+ Kg8 34. Qe1
Qe7 35. Rg5 Nf6 36. Rbb5 Qxa3 37. h5 Kh7 38. Qd2 Qa1+ 39. Kh2 Rf8 40. Rbf5 e3
41. Qd3 Qc3 42. Qb1 d3 43. Qxd3 Qxd3 44. exd3 e2 45. Re5 Rbe8 46. Bh3 e1=Q 47.
Bf5+ Kh8 48. Rxe1 Rxe1 49. Bg6 Nd7 50. f4 Re7 51. Kh3 Nf6 52. Kh4 Rd8 53. Rb5
Rc7 54. g4 Rc5 55. Rb3 Kg8 56. Ra3 a5 57. Rb3 Rd6 58. g5 Nd7 59. Kg4 Nf8 60. Be4
Ne6 61. Rb2 Rc7 62. Rb5 Nc5 63. Bd5+ Kf8 64. d4 Nd3 65. Rb3 Nb4 66. Be4 Rxd4 67.
Bg6 Rcxc4 68. Re3 Rd8 69. h6 gxh6 70. gxh6 Nd5 71. Rf3 Rd6 72. Kg5 Ne7 73. f5
Rc5 74. h7 Rxg6+ 75. Kh5 Kg7 0-1

[Event "FIDE World Blitz 2014"]
[Site "Dubai UAE"]
[Date "2014.06.19"]
[Round "2.48"]
[White "Jobava, Baadur"]
[Black "Tissir, Mohamed"]
[Result "1-0"]
[WhiteTitle "GM"]
[BlackTitle "IM"]
[WhiteElo "2713"]
[BlackElo "2380"]
[WhiteFideId "13601520"]
[BlackFideId "9000240"]
[EventDate "2014.06.19"]

1. d4 e6 2. Nc3 d5 3. Bf4 Bd6 4. e3 Nf6 5. Nf3 O-O 6. Bd3 Bxf4 7. exf4 c5 8.
dxc5 Qc7 9. Qd2 Qxc5 10. O-O-O Nc6 11. Ne5 a6 12. f3 b5 13. Kb1 Nd7 14. Rhe1 Nb6
15. Nxc6 Qxc6 16. Ne2 Nc4 17. Qc3 Rb8 18. Bxc4 dxc4 19. Qe5 Qb7 20. Rd6 b4 21.
Red1 h6 22. Rd8 Rxd8 23. Rxd8+ Kh7 24. Nd4 b3 25. axb3 cxb3 26. Nxb3 Qb4 27.
Qe4+ Qxe4 28. fxe4 1-0